000 00299nam a2200109Ia 4500
008 230907s9999||||xx |||||||||||||| ||und||
082 _a620.118
_bAGR
100 _aAgarwal, Bhagwan D.,
_982988
245 0 _aAnalysis and performance of fiber composites /
300 _axvii, 558 pages :
942 _cBK
999 _c600765
_d600765